000 00277nam a2200109Ia 4500
008 190216s9999||||xx |||||||||||||| ||und||
100 _aIvan Nirani
245 3 _aAn Introduction To The Theory Of Numbers
260 _bPai & Company
_c2008
650 _aMathematics
942 _cBK
999 _c30594
_d30594